000 00737nam a22002057a 4500
999 _c175645
_d175645
005 20200911154246.0
010 _aENG-128420
020 _c829.00
_a9788131731864
035 _aEN-111952
037 _bDBAD/PUB
082 _a621.3845
100 _aRappaport, Theodore S.
245 _aWireless Communications: Principles and Practice/
_cby Theodore S. Rappaport
250 _a2nd edition
260 _aNoida
_bPearson
_c2020
270 _a15th floor,Tower-B,Word Trade Tower,Plot no.1,Block-C sec 16,
_bNoida
_e201301
_k04466540100
_mcompanysecretary.india@pearson.com
300 _axxiii; 693p.
_c23cm(pbk)
_bDiagrams and Tables
500 _aIncludes References, Abbrevations.
942 _2ddc
_cEN
_h621.3845
_mWIR